Tintin : la nourriture (mort subite) - Statistiques

Statistiques générales
  • Ce quiz a été pris 104 fois
    67 depuis la dernière actualisation
  • Le résultat moyen est 8 sur 29
Answers on the Grid
Answers color-coded by a green-red scale on the quiz's grid according to % correct below.
Tournesol
Ratatouille
Cheval
Porc
Tartine de miel
Rizotto
Pomme
Bergamotte
Corned-beef
Pâtes
Biscuits
Sandwich
Sakharine
Poulet
Orange
Morue
Requin
Banane
Rose
Haddock
Szlaszeck
Datte
Rouget
Pigeon
Crabe
Soupe
Saucisse
Antilope
Chou blanc
Lait condensé
Piment
Raisin
Caramels mous
 
Statistiques - réponses
Réponse % Correct
Tournesol
61%
Crabe
45%
Piment
42%
Biscuits
36%
Pomme
36%
Sandwich
36%
Szlaszeck
36%
Banane
33%
Caramels mous
33%
Corned-beef
33%
Pâtes
33%
Poulet
33%
Saucisse
33%
Soupe
30%
Bergamotte
27%
Antilope
24%
Haddock
24%
Orange
24%
Raisin
24%
Datte
21%
Porc
21%
Requin
21%
Tartine de miel
21%
Cheval
15%
Chou blanc
12%
Pigeon
9%
Lait condensé
6%
Rose
6%
Rouget
6%
Aucun quiz correspondant
Distribution des résultats
% des personnes avec chaque résultat
Percentile par nombre de réponses
Votre historique - résultats
Vous n’avez pas pris ce quiz depuis la dernière actualisation